[Event "Can't Get Enough Kings Gambit "]
[Site "SchemingMind.com"]
[Date "2008.03.03"]
[Round "-"]
[White "saxondom"]
[Black "yozzer"]
[Result "0-1"]
[WhiteCountry "HUN"]
[BlackCountry "GBR"]
[WhiteElo "1330"]
[WhiteRD "90"]
[BlackElo "1844"]
[BlackRD "127"]
[GameID "144589"]

1. e4 e5 2. f4 exf4 3. Nf3 d6 4. d4 g5 5. h4 g4 6. Ng1 f5 7. Bb5+ c6 8. Bxf4 cxb5 9. Nd2 Nf6 10. e5 Nh5
11. Bg5 Qb6 12. Ne2 dxe5 13. c4 exd4 14. Nf4 Ng3 15. Rg1 d3 16. b3 Qxg1+ 17. Nf1 Bb4+ 18. Qd2 Qxf1#
0-1

[Event "Can't Get Enough Kings Gambit "]
[Site "SchemingMind.com"]
[Date "2008.03.03"]
[Round "-"]
[White "dtedesco"]
[Black "yozzer"]
[Result "0-1"]
[WhiteCountry "CAN"]
[BlackCountry "GBR"]
[WhiteElo "1437"]
[WhiteRD "51"]
[BlackElo "1922"]
[BlackRD "107"]
[GameID "144590"]

1. e4 e5 2. f4 exf4 3. Nf3 d6 4. d4 g5 5. h4 g4 6. Ng1 f5 7. Nc3 fxe4 8. Bxf4 Nf6 9. Bg5 Bg7 10. g3 h6
11. Bxf6 Qxf6 12. Nxe4 Qe6 13. Bg2 d5 14. Qd3 dxe4 15. Qb5+ Nc6 16. Qh5+ Qf7 17. Qxf7+ Kxf7 18. Ne2 Nxd4 19. Nxd4 Bxd4 20. Rf1+ Kg7
21. O-O-O Be5 22. Bxe4 Bxg3 23. h5 Rf8 24. Bf5 Rxf5 25. Rxf5 Bxf5 26. Rd5 Bf4+ 27. Kb1 g3 28. Rxf5 g2
0-1

[Event "Can't Get Enough Kings Gambit "]
[Site "SchemingMind.com"]
[Date "2008.03.03"]
[Round "-"]
[White "Carl Lenox"]
[Black "yozzer"]
[Result "0-1"]
[WhiteCountry "CAN"]
[BlackCountry "GBR"]
[WhiteElo "1211"]
[WhiteRD "78"]
[BlackElo "1844"]
[BlackRD "127"]
[GameID "144591"]

1. e4 e5 2. f4 exf4 3. d4 d5 4. Bd3 Nc6 5. c3 dxe4 6. Bxe4 Bd6 7. Nf3 Nf6 8. O-O Nxe4 9. Qd3 f5 10. Nbd2 Qe7
11. Nc4 Be6 12. a3 O-O-O 13. b4 Qf7 14. b5 Bxc4 15. Qb1 Nxc3 16. Ng5 Qf6 17. Nf3 Nxd4 18. Nd2 Nde2+ 19. Kh1 Ng3+ 20. hxg3 Qh6+
21. Kg1 Bc5+ 22. Rf2 fxg3 23. Nxc4 Rd1#
0-1

[Event "Can't Get Enough Kings Gambit "]
[Site "SchemingMind.com"]
[Date "2008.03.05"]
[Round "-"]
[White "Zugzwang"]
[Black "Raimondi"]
[Result "0-1"]
[WhiteCountry "CAN"]
[BlackCountry "PER"]
[WhiteElo "1522"]
[WhiteRD "64"]
[BlackElo "1606"]
[BlackRD "68"]
[GameID "144878"]

1. e4 e5 2. f4 exf4 3. Qf3 g5 4. d4 d6 5. c4 Nc6 6. d5 Ne5 7. Qd1 Bg4 8. Nf3 Nf6 9. Qb3 Rb8 10. Nxe5 dxe5
11. Nc3 a6 12. Bd2 Bh5 13. Bd3 Be7 14. Qa4+ Nd7 15. O-O O-O 16. Be2 Bg6 17. Qd1 Nc5 18. Rf3 Nxe4 19. Nxe4 Bxe4 20. Rh3 Kg7
21. Bf1 Qd7 22. Qh5 Rh8 23. Re1 Qf5 24. Qh6+ Kg8 25. Bc3 Bf6 26. Be2 Bg7 27. Qh5 Qg6 28. Qxg6 Bxg6 29. g4 h6 30. Bd1 f6
31. c5 Bf8 32. b4 Bf7 33. Bb3 Kg7 34. Rhe3= fxe3
0-1

[Event "Can't Get Enough Kings Gambit "]
[Site "SchemingMind.com"]
[Date "2008.03.05"]
[Round "-"]
[White "Zugzwang"]
[Black "Rotceh"]
[Result "0-1"]
[WhiteCountry "CAN"]
[BlackCountry "MEX"]
[WhiteElo "1544"]
[WhiteRD "61"]
[BlackElo "1619"]
[BlackRD "70"]
[GameID "144880"]

1. e4 e5 2. f4 Bc5 3. Nf3 d6 4. Nc3 Nc6 5. Bb5 Bd7 6. Na4 exf4 7. d3 Qf6 8. Nxc5 dxc5 9. Bxc6 Bxc6 10. O-O g5
11. Qe1 O-O-O 12. h3 h5 13. c4 g4 14. e5 Qg7 15. Bxf4 gxf3
0-1

[Event "Can't Get Enough Kings Gambit "]
[Site "SchemingMind.com"]
[Date "2008.03.05"]
[Round "-"]
[White "Zugzwang"]
[Black "saxondom"]
[Result "1-0"]
[WhiteCountry "CAN"]
[BlackCountry "HUN"]
[WhiteElo "1522"]
[WhiteRD "64"]
[BlackElo "1330"]
[BlackRD "90"]
[GameID "144881"]

1. e4 e5 2. f4 exf4 3. Qf3 Nc6 4. c3 Qh4+ 5. g3 fxg3 6. hxg3 Qe7 7. Bc4 d6 8. d4 Be6 9. d5 O-O-O 10. dxe6 Na5
11. exf7 Nf6 12. Qf5+ Kb8 13. Qxa5 Qxe4+ 14. Be2 Qxh1 15. Be3 b6 16. Qf5 d5 17. Bf3 Qh2 18. Ne2 Be7 19. Nd2 g6 20. Qe6 c5
21. Qxe7 Nd7 22. g4 Kc8 23. Bf4 Qxf4 24. Nxf4 d4 25. cxd4 h5 26. Ne6 Nf8 27. Qc7#
1-0

[Event "Can't Get Enough Kings Gambit "]
[Site "SchemingMind.com"]
[Date "2008.03.05"]
[Round "-"]
[White "Zugzwang"]
[Black "yozzer"]
[Result "0-1"]
[WhiteCountry "CAN"]
[BlackCountry "GBR"]
[WhiteElo "1522"]
[WhiteRD "64"]
[BlackElo "1844"]
[BlackRD "127"]
[GameID "144882"]

1. e4 e5 2. f4 exf4 3. Qf3 Nc6 4. c3 Nf6 5. d4 d5 6. e5 Ne4 7. Bxf4 g5 8. Bg3 g4 9. Qe3 Ne7 10. Bd3 Nf5
11. Qf4 Bh6 12. Qxg4 Nfxg3
0-1

[Event "Can't Get Enough Kings Gambit "]
[Site "SchemingMind.com"]
[Date "2008.03.05"]
[Round "-"]
[White "Zugzwang"]
[Black "dtedesco"]
[Result "1-0"]
[WhiteCountry "CAN"]
[BlackCountry "CAN"]
[WhiteElo "1544"]
[WhiteRD "61"]
[BlackElo "1437"]
[BlackRD "51"]
[GameID "144883"]

1. e4 e5 2. f4 d5 3. exd5 e4 4. d3 Nf6 5. dxe4 Nxe4 6. Nf3 Bg4 7. c4 Bc5 8. Bd3 Nf2 9. Qe2+ Qe7 10. Rf1 O-O
11. Rxf2 Bxf2+ 12. Kxf2 Qc5+ 13. Be3 Qd6 14. Qc2 Nd7 15. Bxh7+ Kh8 16. Nbd2 Qh6 17. Bf5 Bxf3 18. Kxf3 b6 19. Bxd7 Qxh2 20. Nf1 Qh5+
21. Bg4 Qh1 22. Rd1 Qh7 23. Qxh7+ Kxh7 24. Ng3 a5 25. f5 g6 26. Rh1+ Kg8 27. f6 Rad8 28. Bh6 Rfe8 29. Bg7 a4 30. Rh8#
1-0

[Event "Can't Get Enough Kings Gambit "]
[Site "SchemingMind.com"]
[Date "2008.03.05"]
[Round "-"]
[White "Zugzwang"]
[Black "Carl Lenox"]
[Result "1-0"]
[WhiteCountry "CAN"]
[BlackCountry "CAN"]
[WhiteElo "1522"]
[WhiteRD "64"]
[BlackElo "1211"]
[BlackRD "78"]
[GameID "144884"]

1. e4 e5 2. f4 Nf6 3. fxe5 d5 4. exf6 Qxf6 5. Nc3 Nc6 6. Qe2 Bc5 7. exd5+ Qe5 8. dxc6 bxc6 9. Qxe5+ Be7 10. Bb5 Kd7
11. Nf3 f6 12. Qd5+ Ke8 13. Qxc6+ Kd8 14. Qxa8 Bc5 15. Qd5+ Bd6 16. O-O Ke7 17. Re1+ Kf8 18. Re8#
1-0

[Event "Can't Get Enough Kings Gambit "]
[Site "SchemingMind.com"]
[Date "2008.03.04"]
[Round "-"]
[White "Raimondi"]
[Black "Zugzwang"]
[Result "1-0"]
[WhiteCountry "PER"]
[BlackCountry "CAN"]
[WhiteElo "1606"]
[WhiteRD "68"]
[BlackElo "1522"]
[BlackRD "64"]
[GameID "144885"]

1. e4 e5 2. f4 exf4 3. Nf3 g5 4. h4 g4 5. Ng5 h6 6. Nxf7 Kxf7 7. Bc4+ d5 8. Bxd5+ Ke8 9. d4 Nf6 10. Nc3 f3
11. gxf3 Bb4 12. fxg4 Bxg4 13. Qd3 Nxd5 14. exd5 Qxd5 15. Qg6+ Qf7 16. Qxg4 Nd7 17. Qe4+ Be7 18. Bf4 Kd8 19. O-O-O Re8 20. Kb1 Rb8
21. Rhf1 Bf6 22. Qf5 Re7 23. Bxh6 b6 24. Nd5 Bxd4 25. Qxf7 Rxf7 26. Rxf7 c5 27. Bg7 Bxg7 28. Rxg7
1-0

[Event "Can't Get Enough Kings Gambit "]
[Site "SchemingMind.com"]
[Date "2008.03.05"]
[Round "-"]
[White "Rotceh"]
[Black "Zugzwang"]
[Result "0-1"]
[WhiteCountry "MEX"]
[BlackCountry "CAN"]
[WhiteElo "1619"]
[WhiteRD "70"]
[BlackElo "1544"]
[BlackRD "61"]
[GameID "144887"]

1. e4 e5 2. f4 exf4 3. Nf3 g5 4. h4 g4 5. Nd4 g3 6. b3 Bg7 7. c3 Bxd4 8. cxd4 d5 9. d3 Nf6 10. Bxf4 Rg8
11. Be2 Bg4 12. Bxg4 Nxg4 13. O-O Nh2 14. Re1 Qxh4 15. exd5+ Kf8 16. Be5 Nd7 17. Re4 Rg4
0-1

[Event "Can't Get Enough Kings Gambit "]
[Site "SchemingMind.com"]
[Date "2008.03.04"]
[Round "-"]
[White "saxondom"]
[Black "Zugzwang"]
[Result "0-1"]
[WhiteCountry "HUN"]
[BlackCountry "CAN"]
[WhiteElo "1430"]
[WhiteRD "73"]
[BlackElo "1544"]
[BlackRD "61"]
[GameID "144888"]

1. e4 e5 2. f4 exf4 3. Nf3 g5 4. Bc4 g4 5. O-O gxf3 6. Qxf3 Qf6 7. Qxf4 Qxf4 8. Rxf4 Bc5+ 9. Kh1 Nh6 10. d3 d6
11. Bd2 Nc6 12. Rf6 Ng4 13. Bxf7+ Ke7 14. Rf4 Nf2+ 15. Rxf2 Bxf2 16. Bd5 Bh4 17. g3 Bf6 18. Nc3 Rf8 19. Bf4 Bxc3 20. Bg5+ Bf6
21. Bh6 Rd8 22. c3 Bh3 23. b4 Ne5 24. d4 Ng4 25. Bf4 Rf8 26. Bxb7 Rab8 27. Bc6 Nf2+ 28. Kg1 Nd3 29. a3 Nxf4 30. gxf4 Bh4
31. Kh1 Rg8 32. e5 dxe5 33. dxe5 Rb6 34. Bd5 Rg4 35. Bf3 Rxf4 36. Bg2 Bxg2+ 37. Kxg2 Rg6+ 38. Kh1 Ke6 39. a4 Kxe5 40. a5 Bf2
41. b5 Rfg4
0-1

[Event "Can't Get Enough Kings Gambit "]
[Site "SchemingMind.com"]
[Date "2008.03.05"]
[Round "-"]
[White "yozzer"]
[Black "Zugzwang"]
[Result "1-0"]
[WhiteCountry "GBR"]
[BlackCountry "CAN"]
[WhiteElo "1844"]
[WhiteRD "127"]
[BlackElo "1522"]
[BlackRD "64"]
[GameID "144889"]

1. e4 e5 2. f4 exf4 3. Nf3 g5 4. h4 g4 5. Ng5 h6 6. Nxf7 Kxf7 7. Qxg4 Nf6 8. Qxf4 Bg7 9. e5 Re8 10. Be2 d5
11. O-O Nc6 12. exf6 Rxe2 13. fxg7+ Kg6 14. Qf7+ Kh7 15. g8=Q#
1-0

[Event "Can't Get Enough Kings Gambit "]
[Site "SchemingMind.com"]
[Date "2008.03.05"]
[Round "-"]
[White "dtedesco"]
[Black "Zugzwang"]
[Result "0-1"]
[WhiteCountry "CAN"]
[BlackCountry "CAN"]
[WhiteElo "1437"]
[WhiteRD "51"]
[BlackElo "1544"]
[BlackRD "61"]
[GameID "144890"]

1. e4 e5 2. f4 exf4 3. Nf3 g5 4. h4 g4 5. Ng5 h6 6. Nxf7 Kxf7 7. Bc4+ d5 8. exd5 Ke8 9. Nc3 Nf6 10. Nb5 Bf5
11. d3 Na6 12. Bxf4 Qe7+ 13. Qe2 Qxe2+ 14. Kxe2 Rc8 15. Rae1 Be7 16. Kd1 Kd7 17. Nxa7 Rcf8 18. Re3 Bc5 19. Re5 Bxa7 20. Rhe1 Bg6
21. Bxa6 bxa6 22. Re7+ Kd8 23. Bxc7+ Kc8 24. R1e6 Re8 25. Rg7 Bh5 26. Rxf6 Bd4 27. Rc6 Bxg7 28. Be5+= Kb7 29. Rc7+ Ka8 30. Bxg7 g3+
31. Kd2 Rh7 32. a4 Re2+ 33. Kc3 Rxg2 34. Rc6 Rxg7 35. d6 Rxc2+ 36. Kxc2 g2 37. Rc8+ Kb7 38. Rc5 g1=Q 39. Kc3 Qxc5+
0-1

[Event "Can't Get Enough Kings Gambit "]
[Site "SchemingMind.com"]
[Date "2008.03.05"]
[Round "-"]
[White "Carl Lenox"]
[Black "Zugzwang"]
[Result "0-1"]
[WhiteCountry "CAN"]
[BlackCountry "CAN"]
[WhiteElo "1211"]
[WhiteRD "78"]
[BlackElo "1522"]
[BlackRD "64"]
[GameID "144891"]

1. e4 e5 2. f4 exf4 3. d4 d5 4. Nc3 dxe4 5. Nxe4 Qe7 6. Nf3 Qxe4+ 7. Be2 Nf6 8. Qd3 Bf5 9. g3 Qxd3 10. cxd3 Bb4+
11. Bd2 Bxd2+ 12. Kxd2 Nc6 13. Rac1 O-O-O 14. Ng5 Rxd4 15. Rc5 Ne4+ 16. Kc2 Nxg5 17. Rxf5 Ne6 18. Rxf7 g5 19. Bg4 Re8 20. Rxh7 Kd8
21. h4 Nc5 22. Kb1 Nxd3 23. Rd1 Nf2 24. Rd7+ Rxd7 25. Rxd7+ Kc8 26. Rg7+ Kb8 27. gxf4 Nxg4 28. hxg5 Nb4 29. a3 Re1#
0-1

[Event "Can't Get Enough Kings Gambit "]
[Site "SchemingMind.com"]
[Date "2008.03.29"]
[Round "-"]
[White "aston294"]
[Black "Raimondi"]
[Result "0-1"]
[WhiteCountry "ENG"]
[BlackCountry "PER"]
[WhiteElo "1108"]
[WhiteRD "74"]
[BlackElo "1646"]
[BlackRD "70"]
[GameID "148097"]

1. e4 e5 2. f4 exf4 3. Nf3 d6 4. g3 fxg3 5. hxg3 Bg4 6. Be2 Nc6 7. Rh4 Qd7 8. Ne5 Bxe2 9. Qxe2 Nxe5 10. d3 Nf6
11. d4 Nc6 12. d5 Ne5 13. Bg5 Be7 14. Nc3 O-O-O 15. a4 h6 16. Bf4 Nfg4 17. Nb5 a6 18. Nd4 Bxh4 19. gxh4 Rde8 20. Nf5 g6
21. b3 gxf5 22. b4 fxe4 23. Qxe4 Ng6 24. Qe2 Nxf4 25. Kd1 Rxe2 26. Kc1 Re1+ 27. Kb2 Rxa1 28. Kxa1 Qxa4+ 29. Kb1 Ne3
0-1

[Event "Can't Get Enough Kings Gambit "]
[Site "SchemingMind.com"]
[Date "2008.03.29"]
[Round "-"]
[White "aston294"]
[Black "saxondom"]
[Result "0-1"]
[WhiteCountry "ENG"]
[BlackCountry "HUN"]
[WhiteElo "1108"]
[WhiteRD "74"]
[BlackElo "1430"]
[BlackRD "73"]
[GameID "148101"]

1. e4 e5 2. f4 Nf6 3. fxe5 Nxe4 4. d3 Bb4+ 5. c3 Qh4+ 6. g3 Nxg3 7. Nf3 Qg4 8. h3 Qg6 9. cxb4 Nc6 10. Rg1 d6
11. Nbd2 Nxb4 12. Nb3 O-O 13. Be2 Bf5 14. Rxg3 Qxg3+ 15. Kd2 Rad8 16. Ng5 Bxd3 17. Nd4 Bxe2 18. Qxe2 Qxg5+ 19. Kc3 Nd5+ 20. Kc4 Qh4
21. Kxd5 c6+ 22. Kc4 b5+ 23. Kb4 a5+ 24. Kxa5 Ra8+ 25. Kb4 Qxd4+ 26. Kb3 Qd5+ 27. Kc3 Qc5+ 28. Kd3 dxe5 29. a4 Rfd8+ 30. Ke4 Rxa4+
31. Kf3 Rxa1 32. Bg5 h6 33. Bxd8 Qd5+ 34. Kf2 Qd4+ 35. Kf3 Qf4+ 36. Kg2 g5 37. Qg4 Qxg4+ 38. hxg4 Kg7 39. b4 e4 40. Bc7 e3
0-1

[Event "Can't Get Enough Kings Gambit "]
[Site "SchemingMind.com"]
[Date "2008.03.29"]
[Round "-"]
[White "aston294"]
[Black "yozzer"]
[Result "0-1"]
[WhiteCountry "ENG"]
[BlackCountry "GBR"]
[WhiteElo "1108"]
[WhiteRD "74"]
[BlackElo "1922"]
[BlackRD "107"]
[GameID "148102"]

1. e4 e5 2. f4 exf4 3. Nc3 Qh4+ 4. g3 fxg3 5. hxg3 Qxh1 6. Nge2 d5 7. exd5 Nf6 8. d3 Bh3 9. Nf4 Qxf1+ 10. Kd2 Qxd1+
11. Kxd1 Bg4+ 12. Nce2 Bd6 13. c4 O-O 14. b3 Re8 15. Ne6 fxe6 16. Ke1 exd5 17. Bg5 Rxe2+ 18. Kd1 Rh2+ 19. Ke1 Bxg3+ 20. Kf1 Bf3
21. Re1 Rh1#
0-1

[Event "Can't Get Enough Kings Gambit "]
[Site "SchemingMind.com"]
[Date "2008.03.31"]
[Round "-"]
[White "aston294"]
[Black "dtedesco"]
[Result "0-1"]
[WhiteCountry "ENG"]
[BlackCountry "CAN"]
[WhiteElo "1108"]
[WhiteRD "74"]
[BlackElo "1437"]
[BlackRD "51"]
[GameID "148103"]

1. e4 e5 2. f4 Nc6 3. fxe5 Qh4+ 4. g3 Qxe4+ 5. Ne2 Qxh1 6. Nf4 Qxh2 7. d4 Qxg3+ 8. Ke2 b6 9. d5 Nxe5 10. Qe1 Qf3+
11. Kd2 Qxf4+ 12. Ke2 Bc5 13. Kd1 Qg4+ 14. Be2 Qd4+ 15. Qd2 Qg1+ 16. Qe1 Qd4+ 17. Bd2 Qxb2 18. Bf3 Qxa1 19. Ke2 Qxa2 20. Nc3 Qxc2
21. Qc1 Qd3+ 22. Ke1 Qxf3 23. Qd1 Nd3#
0-1

[Event "Can't Get Enough Kings Gambit "]
[Site "SchemingMind.com"]
[Date "2008.03.30"]
[Round "-"]
[White "aston294"]
[Black "Carl Lenox"]
[Result "0-1"]
[WhiteCountry "ENG"]
[BlackCountry "CAN"]
[WhiteElo "1108"]
[WhiteRD "74"]
[BlackElo "1230"]
[BlackRD "65"]
[GameID "148104"]

1. e4 e5 2. f4 Nc6 3. fxe5 Nxe5 4. Nf3 Nc6 5. Nc3 Nf6 6. Bb5 Nb4 7. d3 Bc5 8. Nd5 O-O 9. Ne5 c6 10. Nc3 cxb5
11. Nd5 Nbxd5 12. exd5 d6 13. Nf3 Qe8+ 14. Kd2 Nxd5 15. Ng5 Ne3 16. Qe1 Bg4 17. Rf1 Qe5 18. Nf3 Qe6 19. c4 Bb4+ 20. Ke2 Bxe1
21. Bxe3 bxc4 22. Raxe1 Rae8 23. h3 Qxe3+ 24. Kd1 Qxd3+ 25. Kc1 Bf5 26. Ng5 Qc2#
0-1

[Event "Can't Get Enough Kings Gambit "]
[Site "SchemingMind.com"]
[Date "2008.03.29"]
[Round "-"]
[White "Raimondi"]
[Black "aston294"]
[Result "1-0"]
[WhiteCountry "PER"]
[BlackCountry "ENG"]
[WhiteElo "1646"]
[WhiteRD "70"]
[BlackElo "1108"]
[BlackRD "74"]
[GameID "148105"]

1. e4 e5 2. f4 exf4 3. Nf3 Nf6 4. e5 Ne4 5. d3 Ng5 6. Bxf4 Ne6 7. Bg3 Nc6 8. d4 Nexd4 9. Nxd4 Nxe5 10. Bxe5 d6
11. Bg3 c5 12. Nf3 Bg4 13. Be2 f5 14. O-O d5 15. Nh4 g5 16. Nxf5 Rc8 17. Bxg4 d4 18. Qe2+ Be7 19. Ng7#
1-0

[Event "Can't Get Enough Kings Gambit "]
[Site "SchemingMind.com"]
[Date "2008.03.29"]
[Round "-"]
[White "Zugzwang"]
[Black "aston294"]
[Result "1-0"]
[WhiteCountry "CAN"]
[BlackCountry "ENG"]
[WhiteElo "1544"]
[WhiteRD "61"]
[BlackElo "1108"]
[BlackRD "74"]
[GameID "148106"]

1. e4 e5 2. f4 Nf6 3. fxe5 Nxe4 4. Nf3 d6 5. Qe2 f5 6. d3 dxe5 7. dxe4 fxe4 8. Qxe4 Nc6 9. Nxe5 Nxe5 10. Bf4 Qe7
11. Bxe5 g6 12. Nc3 c6 13. Bxh8 Bf5 14. Qxe7+ Bxe7 15. O-O-O Kf7 16. Be5 Rd8 17. Rxd8 Bxd8 18. Bc4+
1-0

[Event "Can't Get Enough Kings Gambit "]
[Site "SchemingMind.com"]
[Date "2008.03.29"]
[Round "-"]
[White "saxondom"]
[Black "aston294"]
[Result "1-0"]
[WhiteCountry "HUN"]
[BlackCountry "ENG"]
[WhiteElo "1430"]
[WhiteRD "73"]
[BlackElo "1108"]
[BlackRD "74"]
[GameID "148109"]

1. e4 e5 2. f4 exf4 3. Bc4 Nf6 4. Nc3 Nc6 5. d4 d5 6. exd5 Nb4 7. Bxf4 Ng4 8. Bb5+ c6 9. dxc6 bxc6 10. Qe2+ Be6
11. O-O-O a6 12. a3 axb5 13. h3 Nf6 14. g4 h5 15. g5 Nfd5 16. Nxb5 Nxf4 17. Qe4 Na2+ 18. Kd2 cxb5 19. Qxf4 f6 20. Re1 Bd6
21. Rxe6+ Be7 22. gxf6 Qd7 23. fxg7 Qxe6 24. gxh8=Q+ Kd7 25. Qxa8 Bb4+ 26. c3 Bd6 27. Qb7+ Bc7 28. Qfxc7+ Ke8 29. Qcb8+ Qc8 30. Q8xc8#
1-0

[Event "Can't Get Enough Kings Gambit "]
[Site "SchemingMind.com"]
[Date "2008.03.29"]
[Round "-"]
[White "yozzer"]
[Black "aston294"]
[Result "1-0"]
[WhiteCountry "GBR"]
[BlackCountry "ENG"]
[WhiteElo "1922"]
[WhiteRD "107"]
[BlackElo "1108"]
[BlackRD "74"]
[GameID "148110"]

1. e4 e5 2. f4 exf4 3. Nf3 Nf6 4. e5 Ng4 5. h3 Nxe5 6. Qe2 d6 7. d4 f6 8. Bxf4 g5 9. Bd2 c5 10. dxe5 dxe5
11. Nc3 b6 12. Qe4 f5 13. Qxa8 Be6 14. Bb5+ Bd7 15. Bxg5 Qxg5 16. Nxg5 Rg8 17. Qxb8+ Ke7 18. Nd5#
1-0

[Event "Can't Get Enough Kings Gambit "]
[Site "SchemingMind.com"]
[Date "2008.03.30"]
[Round "-"]
[White "dtedesco"]
[Black "aston294"]
[Result "1-0"]
[WhiteCountry "CAN"]
[BlackCountry "ENG"]
[WhiteElo "1437"]
[WhiteRD "51"]
[BlackElo "1108"]
[BlackRD "74"]
[GameID "148111"]

1. e4 e5 2. f4 exf4 3. Nf3 Nf6 4. Nc3 Nc6 5. Bc4 d5 6. exd5 Nxd5 7. Bxd5 Nb4 8. Ne5 Nxd5 9. d4 g5 10. Qh5 Bf5
11. Qxf7#
1-0

[Event "Can't Get Enough Kings Gambit "]
[Site "SchemingMind.com"]
[Date "2008.03.29"]
[Round "-"]
[White "Carl Lenox"]
[Black "aston294"]
[Result "1-0"]
[WhiteCountry "CAN"]
[BlackCountry "ENG"]
[WhiteElo "1230"]
[WhiteRD "65"]
[BlackElo "1108"]
[BlackRD "74"]
[GameID "148112"]

1. e4 e5 2. f4 Nf6 3. Nf3 Nxe4 4. Nxe5 d6 5. Nf3 g5 6. d3 Nc5 7. Nc3 gxf4 8. d4 Nc6 9. Bxf4 Bg7 10. Bc4 Nb4
11. Qe2+ Be6 12. Bg5 f6 13. O-O-O fxg5 14. Bxe6 Qe7 15. dxc5 dxc5 16. Rhe1 g4 17. Nd2 a5 18. Qb5+ c6 19. Qe2 b5 20. Qxg4 Qd6
21. Qxg7 Qf8 22. Qb7 Rd8 23. Bg4+ Qe7 24. Qxe7#
1-0

[Event "Can't Get Enough Kings Gambit "]
[Site "SchemingMind.com"]
[Date "2008.03.29"]
[Round "-"]
[White "strokem1"]
[Black "Raimondi"]
[Result "0-1"]
[WhiteCountry "USA"]
[BlackCountry "PER"]
[WhiteElo "1564"]
[WhiteRD "70"]
[BlackElo "1646"]
[BlackRD "70"]
[GameID "148113"]

1. e4 e5 2. f4 exf4 3. Nf3 g5 4. h4 g4 5. Ne5 Bg7 6. Nxf7 Kxf7 7. Bc4+ Kf8 8. Qxg4 d6 9. Qh5 Qf6 10. O-O Qd4+
11. Kh1 Qxc4 12. Rxf4+ Nf6 13. d3 Qf7 14. Qf3 Ke7 15. b3 Qg6 16. Bb2 Nc6 17. Bxf6+ Bxf6 18. Rxf6 Qxf6 19. Qxf6+ Kxf6 20. Nd2 Bg4
21. Kh2 Raf8 22. Nc4 Nd4 23. c3 Ne2 24. Na5 b6 25. Nc6 a5 26. c4 Ke6 27. d4 Nc3 28. a4 Nxe4 29. d5+ Kd7 30. Re1 Re8
31. g3 Rhg8 32. Kg2 Bh5 33. Re3 Nc5 34. Rc3 Re2+ 35. Kf1 Ne4 36. Rd3 Nxg3+ 37. Kg1 Nf5+ 38. Kf1 Ne3+
0-1

[Event "Can't Get Enough Kings Gambit "]
[Site "SchemingMind.com"]
[Date "2008.03.30"]
[Round "-"]
[White "strokem1"]
[Black "Zugzwang"]
[Result "1-0"]
[WhiteCountry "USA"]
[BlackCountry "CAN"]
[WhiteElo "1564"]
[WhiteRD "70"]
[BlackElo "1544"]
[BlackRD "61"]
[GameID "148114"]

1. e4 e5 2. f4 exf4 3. Nf3 g5 4. h4 g4 5. Ne5 g3 6. Bc4 Nh6 7. b3 d6 8. Nd3 Bg7 9. Bb2 Bxb2 10. Nxb2 Qf6
11. Nc3 Bg4 12. Qc1 Nd7 13. Nd5 Qd4 14. Nd3 O-O-O 15. c3 Qe5 16. Nxe5 dxe5 17. d4 f3 18. gxf3 Bxf3 19. O-O Bxe4 20. Nb4 Ng4
21. Bxf7 Nh2 22. Qe3 g2 23. Rf2 Nf3+ 24. Rxf3 Bxf3 25. Qxf3 Rdf8 26. Qh5 Nf6 27. Be6+ Kd8 28. Qxe5 Ng4 29. Qd5+
1-0

[Event "Can't Get Enough Kings Gambit "]
[Site "SchemingMind.com"]
[Date "2008.03.29"]
[Round "-"]
[White "strokem1"]
[Black "aston294"]
[Result "1-0"]
[WhiteCountry "USA"]
[BlackCountry "ENG"]
[WhiteElo "1564"]
[WhiteRD "70"]
[BlackElo "1108"]
[BlackRD "74"]
[GameID "148117"]

1. e4 e5 2. f4 exf4 3. Nf3 Nf6 4. e5 Ne4 5. Bc4 d6 6. exd6 Nxd6 7. Qe2+ Be7 8. O-O Nf5 9. Ng5 f6 10. Nf7 Qd4+
11. Kh1 Rf8 12. c3 Rxf7 13. Bxf7+ Kxf7 14. cxd4 Nxd4 15. Qc4+ Ne6 16. Rxf4 g5 17. Rf2 Na6 18. d4 Kf8 19. Bxg5 Bb4 20. Rxf6+ Ke7
21. Rxe6+ Kf7 22. Rf6+ Ke7 23. Qf7+ Kd8 24. Rd6#
1-0

[Event "Can't Get Enough Kings Gambit "]
[Site "SchemingMind.com"]
[Date "2008.03.29"]
[Round "-"]
[White "strokem1"]
[Black "saxondom"]
[Result "0-1"]
[WhiteCountry "USA"]
[BlackCountry "HUN"]
[WhiteElo "1564"]
[WhiteRD "70"]
[BlackElo "1430"]
[BlackRD "73"]
[GameID "148118"]

1. e4 e5 2. f4 exf4 3. Nf3 g5 4. h4 g4 5. Ne5 Nf6 6. Nxg4 d6 7. Nxf6+ Qxf6 8. Bc4 Rg8 9. Qf3 Nd7 10. Nc3 c6
11. d3 Ne5 12. Qxf4 Qxf4 13. Bxf4 b5 14. Bb3 Rg4 15. g3 Nf3+ 16. Ke2 Nd4+ 17. Kd2 Be6 18. Bxe6 fxe6 19. Rhg1 Nf3+
0-1

[Event "Can't Get Enough Kings Gambit "]
[Site "SchemingMind.com"]
[Date "2008.03.29"]
[Round "-"]
[White "strokem1"]
[Black "yozzer"]
[Result "0-1"]
[WhiteCountry "USA"]
[BlackCountry "GBR"]
[WhiteElo "1564"]
[WhiteRD "70"]
[BlackElo "1922"]
[BlackRD "107"]
[GameID "148119"]

1. e4 e5 2. f4 exf4 3. Nf3 d6 4. Bc4 h6 5. h4 Nf6 6. Nc3 Be7 7. d3 Nh5 8. Ne2 Bg4 9. Nxf4 Bxh4+ 10. Kf1 Ng3+
11. Kg1 Nxh1 12. Kxh1 Nd7 13. b3 Ne5 14. Qf1 Bg3 15. Ng1 O-O 16. Nd5 Qh4+ 17. Nh3 c6 18. Ne3 b5 19. d4 bxc4 20. dxe5 Bxh3
21. gxh3 Qxe4+ 22. Ng2 Bxe5 23. Rb1 Qxc2 24. Be3 c3 25. a4 Rfb8 26. Rc1 Qe4 27. Rb1 c2 28. Re1 Rxb3 29. Bc1 Rxh3+ 30. Kg1 Bh2+
0-1

[Event "Can't Get Enough Kings Gambit "]
[Site "SchemingMind.com"]
[Date "2008.03.31"]
[Round "-"]
[White "strokem1"]
[Black "dtedesco"]
[Result "1-0"]
[WhiteCountry "USA"]
[BlackCountry "CAN"]
[WhiteElo "1551"]
[WhiteRD "64"]
[BlackElo "1470"]
[BlackRD "56"]
[GameID "148120"]

1. e4 e5 2. f4 Nc6 3. Nf3 d6 4. f5 Nf6 5. Bc4 h6 6. Nc3 Ne7 7. d4 exd4 8. Nxd4 a6 9. a3 Bd7 10. Nf3 b5
11. Ba2 c6 12. e5 Ng4 13. exd6 Nxf5 14. h3 Nge3 15. Bxe3 Bxd6 16. Bf2 O-O 17. O-O Ng3 18. Re1 Qc7 19. Ne4 Bf4 20. Nh4 Rad8
21. Qf3 c5 22. Nxg3 Bc6 23. Qc3 c4 24. b3 Bd2 25. Qe5 Qxe5 26. Rxe5 Bc3 27. Rc5 cxb3 28. Rxc3 bxa2 29. Rxc6 a5 30. Rxa2 Rd1+
31. Nf1 Rfd8 32. Bb6 Ra8 33. c4 bxc4 34. Rxc4 Rb8 35. Bxa5 Rbb1 36. Rf2 Rb5 37. Bc3 Rc1 38. Rc8+ Kh7 39. Rxf7 Rb3 40. Rxg7#
1-0

[Event "Can't Get Enough Kings Gambit "]
[Site "SchemingMind.com"]
[Date "2008.03.29"]
[Round "-"]
[White "strokem1"]
[Black "Carl Lenox"]
[Result "1-0"]
[WhiteCountry "USA"]
[BlackCountry "CAN"]
[WhiteElo "1564"]
[WhiteRD "70"]
[BlackElo "1230"]
[BlackRD "65"]
[GameID "148121"]

1. e4 e5 2. f4 Nc6 3. Nf3 Nf6 4. fxe5 Nxe4 5. Bc4 d5 6. Bb3 Nxe5 7. Nxe5 Bc5 8. Qf3 Rf8 9. d3 Bf2+ 10. Kf1 Qd6
11. Bf4 Bd7 12. Nxd7 Qxd7 13. dxe4 O-O-O 14. Qxf2 Qb5+ 15. Qe2 Qc6 16. Bxd5 Qd7 17. Nc3 Rfe8 18. Qf2 f6 19. Qxa7 Qe7 20. Qxb7+ Kd7
21. Qxc7#
1-0